000 01375nam a22002417a 4500
003 OSt
005 20190920104221.0
008 180220b xxu||||| |||| 00| 0 spa d
020 _a95014039004
040 _cPJ
100 _93308
_aFornaciari, Mario Alberto
245 1 0 _aModos anormales de terminación del proceso :
_btomo III /
_cMario Alberto Fornaciari.
260 _aBuenos Aires :
_bDepalma,
_c1991.
300 _a263 p.
_c23 cm.
490 _aAnálisis Teórico Práctico del Derecho Procesal Civil
_vIII
500 _aNotas y citas a pie de página.
504 _aBibliografía: p. 259-263.
505 _aContenido: Nociones generales -- Aspectos subjetivos de la caducidad de instancia -- Divisibilidad o indivisibilidad de la instancia -- Los plazos de la caducidad de la instancia -- Procedencia e improcedencia de la caducidad de instancia (distintos supuestos) -- Interrupción y suspensión de los plazos de caducidad de la instancia -- Subsanación de la perención de instancia -- Caducidad de la segunda instancia -- El incidente de perención de la instancia -- Efectos de la perención de la instancia -- Responsabilidad de los profesionales en la caducidad de la instancia.
650 0 _aDERECHO PROCESAL
_9267
650 0 _aTERMINACION DEL PROCESO
_91934
650 0 _aCADUCIDAD DE INSTANCIA
_91935
942 _2udc
_cLIB
_h347.933
_iFOR
999 _c2112
_d2112